000 00717nam a2200253 4500
001 30343
003 BD-RjUL
005 20211209051541.0
008 140409s1970 nju 001 0 eng
020 _a0134987098
035 _a(BD-RjUL)30428
040 _aDLC
_cDLC
_dBD-RjUL
_beng
041 _aeng
082 0 0 _a164
_bCAI 1970
100 1 _aCarney, James D.
_q(James Donald)
_992240
245 1 0 _aIntroduction to symbolic logic /
_cJames D. Carney.
260 _aEnglewood Cliffs ; N.J. :
_bPrentice-Hall,
_cc1970.
300 _aix, 252 p. ;
_c24 cm.
504 _aIncludes index.
650 0 _aLogic, Symbolic and mathematical.
_992241
942 _2ddc
_cBK
999 _c30343
_d30343